000
00249nam a2200097Ia 4500
001
1221588
005
20250827092832.0
008
250824s9999 xx 000 0 und d
245
0
_a
İNCİ GİBİ DİŞLER
_c
ZADİE SMİTH
260
_b
EVEREST YAYINLARI
999
_c
1221588
_d
1221588